| 000 | 00529nam a22001817a 4500 | ||
|---|---|---|---|
| 005 | 20250103115036.0 | ||
| 010 | _aB-761545 | ||
| 020 |
_a9789385975912 _c450.00 |
||
| 035 | _aB-761545 | ||
| 037 | _bGift | ||
| 082 | _a032.02 | ||
| 245 | _aIndia Book of Records 2016/ | ||
| 260 |
_aNew Delhi _bDiamonds Books |
||
| 270 |
_aX-30,Okhla Industrial Area, Phase -1 _bNew Delhi _e110020 |
||
| 300 |
_a212p. _c21cm(pb) |
||
| 942 |
_2ddc _cEN _mIND _h032.02 |
||
| 999 |
_c207999 _d207999 |
||